• 首页
  • 本馆介绍
  • 公告通知
  • 最新文献
  • 馆藏检索
  • 电子资源
  • 读者导购
  • 参考咨询
  • 我的图书馆
  • 登录
  • 详细信息显示
  • 放入我的书架
  • 预约/预借图书
  • 作者相关作品
  • 分类相关作品
  • 丛书相关作品
  • 出版社相关作品

书目信息

  • 表格格式
  • 工作单格式
  • 卡片格式
题名:
教育管理学
    
 
作者: 陈孝彬 主编
分册:  
出版信息: 北京   北京师范大学出版社  1999
页数: 489页
开本: 20cm
丛书名:
单 册:
中图分类: G46
科图分类:
主题词: 教育学∶管理学--高等学校--教材 , 管理学∶教育学--高等学校--教材 , 教育行政
电子资源:
ISBN: 7-303-00986-8
000 00760nam0 2200265 45
001 0191023393
005 20061017160815.60
010    @a7-303-00986-8@dCNY20.00
100    @a19910925d1999 em y0chiy0121 ea
101 0  @achi
102    @aCN@b110000
105    @ay z 000yy
200 10 @a教育管理学@AJIAO YU GUAN LI XUE@f陈孝彬主编@FCHEN XIAO BIN ZHU BIAN
205    @a2版
210    @a北京@c北京师范大学出版社@d1999
215    @a489页@d20cm
300    @a高等学校文科教材
540 1  @a教育 管理@AJIAO YU GUAN LI
606    @a教育学∶管理学@x高等学校@x教材
606    @a管理学∶教育学@x高等学校@x教材
606 0  @a教育行政
690    @aG46@v4
701  0 @a陈孝彬@ACHEN XIAO BIN@4主编
801  0 @aCN@bTSSF@c20061017
905    @a10447@dG46@e10=2
    
    教育管理学/陈孝彬主编.-2版.-北京:北京师范大学出版社,1999
    489页;20cm
    高等学校文科教材
    
    ISBN 7-303-00986-8:CNY20.00
    
●
相关链接 在E读中查询图书 在五车中查询图书 在当当中查询图书 在豆瓣中查询图书


正题名:教育管理学     索取号:G46/10=2         预约/预借

序号 登录号 条形码 馆藏地/架位号 状态 备注
1 0503833   205038332   密集书库/ [索取号:G46/10=2] 在馆    
唐山师范学院图书馆 欢迎您!
大连网信软件有限公司© 版权所有